00510nam a2200121Ia 4500008004100000245006900041260008400110300001800194650001400212856007000226999001900296952007300315160712s9999 xx 000 0 und d aMonico Atienza, Dakilang Pantas ng Kilusang Pambansa-Demokratiko c2015bLagda: Journal ng U.P. Departamento ng Filipino at Panitikan ng Pilipinas avol. 10 no. 1 xPANITIKAN uhttp://journals.upd.edu.ph/index.php/lagda/issue/view/545/showToc c297095d297095 001040aCLbCLd2016-07-12l0r2016-07-12 00:00:00w2016-07-12yFEJ